00811nam a22002057a 4500999001900000005001700019010001300036020002600049035001200075037001300087082000700100100002800107245010200135246007000237260005300307270005900360300002600419942002900445952013100474 c197271d19727120230821110013.0 aUR-12138 a9788195952649c200.00 aU-10693 bDBAD/PUB aن aشاذ یہ فر حین aخد یجہ مستور :bاپنے ناولوں کے آینے میں /cشاذ یہ فر حین aKhadija Mastoor : Apne Novelon ke Aaine Mein /bby Shazia Farheen aNew DelhibEducational Publishing Housec2022 ء aH.O. D1/16, Ansari Road, Darya GanjbNew Delhie110002 a116 صc22cm(Hb)  2ddccURmش ا ذe hن 001040708FICaMPbMPd2023-08-21eDBAD/PUBg200.00l0oن ش ا ذpU-10693r2023-08-21 00:00:00t1v200.00w2023-08-21yUR